Équipes ayant marqué le moins de buts au Championnat d'Europe - Statistiques

Statistiques générales
  • Ce quiz a été pris 18 fois
    8 depuis la dernière actualisation
  • Le résultat moyen est 11 sur 14
Statistiques - réponses
Buts Équipe % Correct
10 Ukraine
100%
1 Finlande
83%
5 Géorgie
83%
1 Lettonie
83%
2 Macédoine du Nord
83%
6 Slovénie
83%
4 Albanie
67%
4 Bulgarie
67%
7 Écosse
67%
6 Irlande
67%
2 Irlande du Nord
67%
8 Islande
67%
1 Norvège
67%
9 Slovaquie
67%
Aucun quiz correspondant
Distribution des résultats
% des personnes avec chaque résultat
Percentile par nombre de réponses
Votre historique - résultats
Vous n’avez pas pris ce quiz depuis la dernière actualisation